000 00519nam a2200145Ia 4500
008 231129s2007||||xx |||||||||||||| ||spa||
020 _a978-958-8197-53-8
040 _bspa
082 _a370 G643d
100 _aGonzález Ibáñez Joaquí­n
245 0 _aDerecho a la educación y ciudadaní­a democrática: El derecho a la educación como desarrollo constitucional del Pensamiento Republicano Cí­vico
260 _c2007
264 _aGrupo Editorial Ibáñez
942 _2ddc
_cBKS
999 _c8959
_d8959